000 00587cam a2200205 4500
001 WB3532-17
008 000000n1999 000 0 eng u
035 _a(Sirsi) u102552
245 _aChanging fortunes of Britain's coastal towns.
260 _c1999
490 _aTimes
_v14 August 1999, 28(3)
520 _aAssesses the changing fortunes of three British seaside towns: Brighton, Blackpool and Torquay.
650 _aBRIGHTON
650 _aBLACKPOOL
650 _aTORQUAY
650 _aCOASTAL TOWNS
650 _aLOCATIONS
690 _aECONOMIC AND SOCIAL
942 _n0
999 _c61558
_d61558